Normal view MARC view

Entry Nombre personal

Number of records used in: 5

001 - NÚMERO DE CONTROL

  • campo de control: 65593

003 - IDENTIFICADOR DE NÚMERO DE CONTROL

  • campo de control: SpMaBN

005 - FECHA Y HORA DE LA ÚLTIMA TRANSACCIÓN

  • campo de control: 20250829085825.0

008 - ELEMENTOS DE DATO DE LONGITUD-FIJA

  • campo de control de longitud fija: 051179nn ainnnaabn n aac

016 ## - NÚMERO DE CONTROL DE UNA AGENCIA BIBLIOGRÁFICA NACIONAL

  • Número de control del registro: BNE19913032918

040 ## - FUENTE DE CATALOGACIÓN

  • Centro catalogador/agencia de origen: SpMaBN
  • Lengua de catalogación: spa
  • Centro/agencia transcriptor: SpMaBN
  • Normas de descripción: rdc
  • Convención/Normas de encabezamiento de materia/tesauro: embne

100 1# - ENCABEZAMIENTO-NOMBRE DE PERSONA

  • Nombre de persona: Ispizua, Segundo de,
  • Fechas asociadas al nombre: 1869-1924

400 1# - TRAZADO DE VÉASE--NOMBRE DE PERSONA

  • Nombre de persona: Ispizua Bajeneta, Segundo de,
  • Fechas asociadas al nombre: 1869-1924

400 1# - TRAZADO DE VÉASE--NOMBRE DE PERSONA

  • Nombre de persona: Ispizua Bajaneta, Segundo de,
  • Fechas asociadas al nombre: 1869-1924

670 ## - FUENTE DE DATOS ENCONTRADOS

  • Cita de la fuente: LCSH
  • Información encontrada: (Ispizúa, Segundo de, 1869-1924)

670 ## - FUENTE DE DATOS ENCONTRADOS

  • Cita de la fuente: WWW Auñamendi, 30-V-2018
  • Información encontrada: (Ispizua Bajaneta, Segundo de. Historiador vasco, nacido en Bermeo (Vizcaya) el 2 de junio de 1869. Murió en Madrid el 19 de junio de 1924)
  • Identificador Uniforme de Recursos: http://aunamendi.eusko-ikaskuntza.eus/eu/ispizua-bajaneta-segu ndo-de/ar-70740/